000 00727nam a22002057a 4500
005 20251108173438.0
008 250721s2000 xx 000 0 ara d
020 _a9775411173
082 1 4 _a962.07/حسن
100 1 _aحسنين، عادل
245 1 0 _aمصر و المصريون أحداث ووقائع النصف الثاني من القرن العشرين : من عودة الأحزاب إلى مواجهة الإرهاب /
264 1 _aالقاهرة :
_bدار أمادو للنشر،
_c2000.
300 _aج4.
650 1 7 _aتاريخ مصر
650 1 7 _aالمصريون
650 1 7 _aالأحزاب السياسية
650 1 7 _aإتفاقيات السلام
942 _2ddc
_cBK
999 _c104072
_d104072